Electrical field reference handbook: Revised for the 2005 national electrical code.(Sách phôtô) /
Nội dung tài liệu gồm các chương:
Gespeichert in:
| 1. Verfasser: | |
|---|---|
| Format: | Buch |
| Sprache: | Vietnamese |
| Veröffentlicht: |
American :
Thomson Delmar Learning ,
2005
|
| Ausgabe: | In lần thứ 1 |
| Schlagworte: | |
| Tags: |
Tag hinzufügen
Keine Tags, Fügen Sie den ersten Tag hinzu!
|
| Thư viện lưu trữ: | Thư viện Trường CĐ Kỹ Thuật Cao Thắng |
|---|
| LEADER | 01292nam a2200313 a 4500 | ||
|---|---|---|---|
| 001 | TVCDKTCT5713 | ||
| 003 | Thư viện trường Cao đẳng Kỹ thuật Cao Thắng | ||
| 005 | 20060712000000 | ||
| 008 | 060712 | ||
| 980 | \ | \ | |a Thư viện Trường CĐ Kỹ Thuật Cao Thắng |
| 024 | |a RG_1 #1 eb0 i1 | ||
| 020 | # | # | |a 1401879861 |
| 041 | 0 | # | |a vie |
| 082 | # | # | |a 621.3 / |b EL201H |
| 100 | 1 | # | |a National Joint Apprenticeship Training Committee |
| 245 | 0 | 0 | |a Electrical field reference handbook: Revised for the 2005 national electrical code.(Sách phôtô) / |c National Joint Apprenticeship Training Committee |
| 250 | # | # | |a In lần thứ 1 |
| 260 | # | # | |a American : |b Thomson Delmar Learning , |c 2005 |
| 300 | # | # | |a 159tr. ; |c 22cm |
| 520 | # | # | |a Nội dung tài liệu gồm các chương: |
| 520 | # | # | |a Chương 1: Các ký hiệu của bản thiết kế |
| 520 | # | # | |a Chương 2: Các công thức điện |
| 520 | # | # | |a Chương 3: Các bảng chuyển đổi |
| 520 | # | # | |a Chương 4: Các bảng NEC |
| 520 | # | # | |a Chương 5: Kỹ thuật đo lường |
| 520 | # | # | |a Chương 6: Rigging |
| 520 | # | # | |a Chương 7: An toàn điện |
| 520 | # | # | |a Chương 8: Uốn ống cáp |
| 650 | # | 4 | |a Điện--Sổ tay |


